=LDR 00000nam 2200000 4500 =001 NUTBA000000000003166 =005 20151029180227.0 =006 =007 =008 =020 ##$$a 978-979-571-113-1 =035 ##$$0010-081400000000010 =040 ##$$a NBPDMAT =082 ##$$a 510 =090 ##$$a 510 $b Sud c =100 ##$$a Sudirman =245 ##$$a Cerdas aktif matematika untuk SMP / $c Sudirman =260 ##$$a Jakarta : $b Ganeca, $c 2013 =300 ##$$a ... jil : ilus. ; 25 cm. =650 ##$$a Matematika-SMP =990 ##$$a 21407176 =990 ##$$a 0001/BPAP-NTB/20142014 =990 ##$$a 0001/BPAP-NTB/20142014 =990 ##$$a 0001/BPAP-NTB/20142014 =990 ##$$a 0001/BPAP-NTB/20142014 =990 ##$$a 0001/BPAP-NTB/20142014 =990 ##$$a 0001/BPAP-NTB/20142014 =990 ##$$a 0001/BPAP-NTB/20142014 =990 ##$$a 0001/BPAP-NTB/20142014 =990 ##$$a 0001/BPAP-NTB/20142014 =990 ##$$a 0001/BPAP-NTB/20142014 =990 ##$$a 0001/BPAP-NTB/20142014 =990 ##$$a 0001/BPAP-NTB/20142014 =990 ##$$a 0001/BPAP-NTB/20142014 =990 ##$$a 0001/BPAP-NTB/20142014 =990 ##$$a 0001/BPAP-NTB/20142014 =990 ##$$a 0001/BPAP-NTB/20142014 =990 ##$$a 0001/BPAP-NTB/20142014 =990 ##$$a 0001/BPAP-NTB/20142014 =990 ##$$a 0001/BPAP-NTB/20142014 =990 ##$$a 0001/BPAP-NTB/20142015 =990 ##$$a 0001/BPAP-NTB/20142015 =990 ##$$a 0001/BPAP-NTB/2015 =990 ##$$a 16871687 =990 ##$$a 0001/BPAP-NTB/20142014 =990 ##$$a 21407176 =990 ##$$a 21407177 =990 ##$$a 21407178 =990 ##$$a 21407179 =990 ##$$a 21407180 =990 ##$$a 21407181 =990 ##$$a 21407182 =990 ##$$a 21407183 =990 ##$$a 21407192 =990 ##$$a 21407193 =990 ##$$a 21407194 =990 ##$$a 21407195 =990 ##$$a 21407196 =990 ##$$a 0001/BPAP-NTB/20142014 =990 ##$$a 0001/BPAP-NTB/20142015 =990 ##$$a 0001/BPAP-NTB/20142015 =990 ##$$a 0001/BPAP-NTB/2015 =990 ##$$a 0001/BPAP-NTB/2015 =990 ##$$a 01201901687 =990 ##$$a 3119531195 =990 ##$$a 21407191 =990 ##$$a 21407176 =990 ##$$a 21407177 =990 ##$$a 21407178 =990 ##$$a 21407179 =990 ##$$a 21407180 =990 ##$$a 21407181 =990 ##$$a 21407182 =990 ##$$a 21407183 =990 ##$$a 21407192 =990 ##$$a 21407193 =990 ##$$a 21407194 =990 ##$$a 21407195 =990 ##$$a 21407196 =990 ##$$a 0001/BPAP-NTB/20142014 =990 ##$$a 0001/BPAP-NTB/20142014 =990 ##$$a 0001/BPAP-NTB/20142015 =990 ##$$a 0001/BPAP-NTB/20142015 =990 ##$$a 0001/BPAP-NTB/2015 =990 ##$$a 0001/BPAP-NTB/2015 =990 ##$$a 01201901687